Statistics for Diseases that start with P

Click here to take the quiz!

General Stats

  • This quiz has been taken 23 times
  • The average score is 3 of 24

Answer Stats

Answer% Correct
Polio
71%
Pneumonia
67%
Parkinson's Disease
38%
Pancreatic cancer
33%
Pancreatitis
19%
Pleuritis/Pleurisy
14%
Psoriasis
10%
Paget's Disease
5%
Pelvic Inflammatory Disease (PID)
5%
Pink Eye
5%
Polycystic Ovary Syndrome (PCOS)
5%
Preeclampsia
5%
Prostate Cancer
5%
Psychosis
5%
Patau’s syndrome
0%
Penile cancer
0%
Pinworms
0%
Polycystic Kidney Disease (PKD)
0%
Polycythemia
0%
Polymyalgia rheumatica (PMR)
0%
Postpartum Depression
0%
Post-traumatic stress disorder (PTSD)
0%
Premenstrual syndrome (PMS)
0%
Pulmonary embolism (PE)
0%

Score Distribution

Percentile by Number Answered

Percent of People with Each Score

Your Score History

You have not taken this quiz